Finanční účetnictví ČR v kontextu mezinárodní harmonizace

Harmonizácia účtovníctva v Európskej únii. Zásadné smernice a najvýznamnejšie dokumenty EÚ. Transpozícia sekundárneho práva EÚ do účtovnej legislatívy Českej republiky.

Uložené v:
Podrobná bibliografia
Hlavný autor: Blechová, Beáta
Ďalší autori: Sobotovičová, Šárka
Médium: Kapitola
Jazyk:Czech
Predmet:
Tagy: Pridať tag
Žiadne tagy, Buďte prvý, kto otaguje tento záznam!

MARC

LEADER 00000naa a2200000 4500
001 0242042
005 20241024125524.0
041 0 |a cze 
044 |a CZ 
245 1 0 |a Finanční účetnictví ČR v kontextu mezinárodní harmonizace  |c Beáta Blechová, Šárka Sobotovičová 
520 |a Harmonizácia účtovníctva v Európskej únii. Zásadné smernice a najvýznamnejšie dokumenty EÚ. Transpozícia sekundárneho práva EÚ do účtovnej legislatívy Českej republiky. 
610 2 0 |a Česko 
610 2 0 |a Európska únia 
610 2 0 |a harmonizácia 
610 2 0 |a účtovníctvo 
610 2 0 |a štandardy účtovné medzinárodné 
100 1 |a Blechová, Beáta 
700 1 |a Sobotovičová, Šárka